| 000 | 00895nam a22002297a 4500 | ||
|---|---|---|---|
| 003 | OSt | ||
| 005 | 20210312215716.0 | ||
| 008 | 210312s2000 ck a|||gr|||| 00| 0 spa d | ||
| 020 | _a9789584500472 | ||
| 040 |
_aCO-JMCR _cCO-JMCR |
||
| 041 | 0 | _aspa | |
| 082 | 0 | 4 |
_aR / 570.3 / _bD133d _223 |
| 100 | 1 |
_aDaintith, John, _edirector _936054 |
|
| 245 | 1 | 0 |
_aDiccionario de Biología / _cDirector de la colección, John Daintith ; directora Elizabeth Tootill |
| 260 |
_aBogotá : _bNorma, _c2000 |
||
| 300 |
_a342 páginas ; _c20 cm. |
||
| 490 | 0 | _aLlave de la ciencia | |
| 520 | 3 | _aEl diccionario de Biología de la colección "Llave de la ciencia" responde a las consultas y dudas en el estudio de esta área del conocimiento, a nivel escolar, universitario y profesional. | |
| 650 | 1 | 4 |
_aBiología _vDiccionarios _936055 |
| 700 | 1 |
_aTootill, Elizabeth, _edirectora _936056 |
|
| 942 |
_2ddc _cBK |
||
| 999 |
_c15366 _d15366 |
||